| 000 | 00760nam a2200205Ii 4500 | ||
|---|---|---|---|
| 003 | JO-AjNU | ||
| 008 | 230605s9999||||xx |||||||||||||| ||und|| | ||
| 020 | _a978-977-308-365-0 | ||
| 040 |
_aJO-AjNU _bara _erda _cJO-AjNU |
||
| 041 | _aara | ||
| 050 | 1 | 4 | _aLB1707.S25.2016 |
| 100 | 3 |
_aالسيد، اسامه محمد، م مشارك عباس حلمي الجميل, _eauthor _961900 |
|
| 245 | 0 | 0 | _aالتدريب والتربية المهنية المستدامة |
| 264 | 3 | 1 | _aدسوق: دار العلم والايمان للنشر والتوزيع، 2016 |
| 300 | _a307ص | ||
| 336 |
_atext _btxt _2rdacontent |
||
| 337 |
_aunmediated _bn _2rdamedia |
||
| 338 |
_avolume _bnc _2rdacarrier |
||
| 650 | 4 |
_aالتعليم-التدريب المهني _961901 |
|
| 999 |
_aA28003 _c31571 _d31571 |
||